Sociologie du travail
Salvato in:
| Natura: | Periodico |
|---|---|
| Lingua: | francese |
| Pubblicazione: |
Paris
Éditions du Seuil
|
| Tags: |
Nessun Tag, puoi essere il primo ad aggiungerne!!
|
MARC
| LEADER | 00000nas1a22000001 4500 | ||
|---|---|---|---|
| 001 | s123400 | ||
| 005 | 20041019155353.0 | ||
| 041 | 0 | |a fre | |
| 044 | |a FR | ||
| 245 | 1 | 0 | |a Sociologie du travail |
| 264 | 1 | |a Paris |b Éditions du Seuil | |